Fundamentals of strategy / (Record no. 283640)
[ view plain ]
| 000 -LEADER | |
|---|---|
| fixed length control field | 01407cam a2200337 a 4500 |
| 001 - CONTROL NUMBER | |
| control field | 16917184 |
| 003 - CONTROL NUMBER IDENTIFIER | |
| control field | PILC |
| 005 - DATE AND TIME OF LATEST TRANSACTION | |
| control field | 20150227150815.0 |
| 008 - FIXED-LENGTH DATA ELEMENTS--GENERAL INFORMATION | |
| fixed length control field | 110812s2012 enka b 001 0 eng |
| 010 ## - LIBRARY OF CONGRESS CONTROL NUMBER | |
| LC control number | 2011033616 |
| 020 ## - INTERNATIONAL STANDARD BOOK NUMBER | |
| International Standard Book Number | 9780273757252 (pbk.) |
| 040 ## - CATALOGING SOURCE | |
| Original cataloging agency | DLC |
| Transcribing agency | DLC |
| Modifying agency | DLC |
| 042 ## - AUTHENTICATION CODE | |
| Authentication code | pcc |
| 050 00 - LIBRARY OF CONGRESS CALL NUMBER | |
| Classification number | HD 30.28 |
| Item number | .J6495 2012 |
| 082 00 - DEWEY DECIMAL CLASSIFICATION NUMBER | |
| Classification number | 658.4/012 |
| 100 1# - MAIN ENTRY--PERSONAL NAME | |
| Personal name | Johnson, Gerry. |
| 245 10 - TITLE STATEMENT | |
| Title | Fundamentals of strategy / |
| Statement of responsibility, etc | Gerry Johnson, Richard Whittington, Kevan Scholes. |
| 250 ## - EDITION STATEMENT | |
| Edition statement | 2nd ed. |
| 260 ## - PUBLICATION, DISTRIBUTION, ETC. (IMPRINT) | |
| Place of publication, distribution, etc | Harlow, England ; |
| -- | New York : |
| Name of publisher, distributor, etc | Financial Times /Prentice Hall, |
| Date of publication, distribution, etc | 2012. |
| 300 ## - PHYSICAL DESCRIPTION | |
| Extent | xix, 284 pages : |
| Other physical details | colored illustrations ; |
| Dimensions | 25 cm. |
| 505 0# - FORMATTED CONTENTS NOTE | |
| Formatted contents note | Introducing strategy -- The environment -- Strategic capabilities -- Strategic purpose -- Business strategy -- Corporate strategy and diversification -- International strategy -- Innovation strategies -- Mergers, acquisitions and alliances -- Strategy in action -- Appendix : evaluating strategies. |
| 650 #0 - SUBJECT ADDED ENTRY--TOPICAL TERM | |
| Topical term or geographic name as entry element | Business planning. |
| 650 #0 - SUBJECT ADDED ENTRY--TOPICAL TERM | |
| Topical term or geographic name as entry element | Strategic planning. |
| 650 #0 - SUBJECT ADDED ENTRY--TOPICAL TERM | |
| Topical term or geographic name as entry element | Business planning |
| Form subdivision | Case studies. |
| 650 #0 - SUBJECT ADDED ENTRY--TOPICAL TERM | |
| Topical term or geographic name as entry element | Strategic planning |
| Form subdivision | Case studies. |
| 700 1# - ADDED ENTRY--PERSONAL NAME | |
| Personal name | Whittington, Richard, |
| Dates associated with a name | 1958- |
| 700 1# - ADDED ENTRY--PERSONAL NAME | |
| Personal name | Scholes, Kevan. |
| 906 ## - LOCAL DATA ELEMENT F, LDF (RLIN) | |
| a | 7 |
| b | cbc |
| c | orignew |
| d | 1 |
| e | ecip |
| f | 20 |
| g | y-gencatlg |
| 942 ## - ADDED ENTRY ELEMENTS (KOHA) | |
| Source of classification or shelving scheme | Library of Congress Classification |
| Koha item type | Books |
| Withdrawn status | Lost status | Source of classification or shelving scheme | Damaged status | Home library | Current library | Shelving location | Date acquired | Source of acquisition | Sub Shelving location | Total Checkouts | Total Renewals | Full call number | Barcode | Date last seen | Date checked out | Price effective from | Koha item type |
|---|---|---|---|---|---|---|---|---|---|---|---|---|---|---|---|---|---|
| Library of Congress Classification | College Library | College Library | Reserve Section | 02/27/2015 | Library Fund | 2 | 66 | HD 30.28 .J6495 2012 | C19145 | 08/01/2019 | 07/30/2018 | 02/27/2015 | Books |